000 00965nam a2200217Ia 4500
003 IN-BaIIA
008 211028s9999 xx 000 0 eng d
020 _a3-540-50699-3
040 _cIIA Library
080 _a524(082.2)
_bMIT
100 _aMittter, H.
_916469
111 _aUniversitatswochen Fur Kernphysik Schladming on Particle Physics and Astrophysics Current View Points
_n27th
_cAustria
_d1988
_916470
245 0 _aParticle physics and astrophysics current view points
_bproceedings of the XXVII Universitatswochen Fur Kernphysik Schladming on particle physics and Astrophysics current view points, held in Austria, February 1988
_cH. Mittter and F. Widder
260 _aBerlin
_bSpringer-Verlag
_c1988
300 _ax, 309p.
650 _aAstronomy and Astrophysics Thesaurus
650 _aAstrophysics
_9794
650 _aElementary particle Physics
_91932
700 _aWidder, F
_916471
942 _cBK
999 _c9736
_d9736